Caricamento...

Sankaracharya: tantrik sadhana/

Dettagli Bibliografici
Autore principale: Ramachandra Puri
Natura: Printed Book
Pubblicazione: Delhi: Chaukhamba Sanskrit Prathishtan, 2009.
Soggetti:
LEADER 00576nam a22001577a 4500
082 |a S 181.482  |b RAM/S.2 
100 |a Ramachandra Puri  |9 290 
245 |a Sankaracharya:  |b tantrik sadhana/  |c by Ramachandra Puri. 
260 |a Delhi:  |b Chaukhamba Sanskrit Prathishtan,  |c 2009. 
300 |a 628p. 
650 |a Advaita Philosophy  |9 291 
650 |a Philosophy Sankara  |9 292 
650 |a Philosophy  |9 293 
942 |c BK 
999 |c 61185  |d 61185 
952 |0 0  |1 0  |4 0  |6 S_181_482000000000000_RAM_S_2  |7 0  |9 83978  |a SSUS  |b SSUS  |c STACKS  |d 2016-07-21  |g 500.00  |o S 181.482 RAM/S.2  |p 064208  |r 2016-07-21  |w 2016-07-21  |y BK